000 00465nam a22001937a 4500
003 LK-CoDNM
005 20250206094757.0
008 250131b |||||||| |||| 00| 0 eng d
040 _aLK-CoDNM
_dLK-CoDNM
_eLK-CoDNM
041 _aeng
080 _a127
100 _aHodkin,Keith
111 _aPlatt,Robert
245 _aTowards Earlier Diagnosis
260 _alondon
_blivingstone ltd
_c1963
300 _a459p. ; 24 cm
650 _ascience
942 _cBK
999 _c237893
_d237893